[Event "Landesliga Sued 1415"]
[Site "Bayern"]
[Date "2015.03.15"]
[Round "8.8"]
[White "Rasch, Gerhard"]
[Black "Jusifow, Emil"]
[Result "1-0"]
[WhiteElo "2006"]
[BlackElo "1841"]
[PlyCount "91"]
[EventDate "2014.10.19"]
[EventType "team-tourn"]
[EventRounds "9"]
[EventCountry "GER"]
[SourceTitle "EXT 2018"]
[Source "ChessBase"]
[SourceDate "2017.10.13"]
[SourceVersion "1"]
[SourceVersionDate "2017.10.13"]
[SourceQuality "1"]
[WhiteTeam "Muenchen Tarrasch"]
[BlackTeam "Muenchen 36"]
[WhiteTeamCountry "GER"]
[BlackTeamCountry "GER"]

1. c4 Nf6 2. g3 g6 3. Bg2 Bg7 4. Nc3 0-0 5. d3 d6 6. Bg5 Nc6 7. Qd2 Re8 8. e4 a6 9. Nge2 Rb8 10. Rc1 Na7 11. h4 h5 12. b4 Bd7 13. Be3 b6 14. a4 c5 15. b5 a5 16. f3 e6 17. Bg5 Nc8 18. Qf4 e5 19. Qe3 Ne7 20. Kd2 Be6 21. Rcg1 Nh7 22. Bxe7 Qxe7 23. Bh3 Bxh3 24. Rxh3 Qd7 25. g4 Nf6 26. Rhg3 Kf8 27. Nd5 Nxd5 28. cxd5 hxg4 29. fxg4 Ke7 30. h5 Rh8 31. hxg6 f6 32. g5 Rbf8 33. Rf3 f5 34. exf5 Rxf5 35. Rgf1 Rhf8 36. Ng3 Rxf3 37. Rxf3 Qg4 38. Rxf8 Bxf8 39. Ne4 Qf5 40. Kc3 Qxg6 41. Qh3 Qf7 42. Nf6 Kd8 43. Kc4 Bg7 44. Qe6 Qxe6 45. dxe6 Ke7 46. Kd5 1-0

[Event "Regionalliga NW 0405"]
[Site "Bayern"]
[Date "2005.02.13"]
[Round "7.5"]
[White "Jusifow, Emil"]
[Black "Rink, Christian"]
[Result "0-1"]
[WhiteElo "1851"]
[BlackElo "2129"]
[PlyCount "128"]
[EventDate "2004.10.24"]
[EventType "team-tourn"]
[EventRounds "9"]
[EventCountry "GER"]
[SourceTitle "EXT 2007"]
[Source "ChessBase"]
[SourceDate "2006.11.23"]
[SourceVersion "1"]
[SourceVersionDate "2006.11.23"]
[SourceQuality "1"]
[WhiteTeam "Hof"]
[BlackTeam "Schweinfurt"]
[WhiteTeamCountry "GER"]
[BlackTeamCountry "GER"]

1. d4 Nf6 2. c4 g6 3. Nc3 Bg7 4. e4 d6 5. f3 0-0 6. Be3 a6 7. Qd2 Nc6 8. Nge2 Rb8 9. Bh6 b5 10. cxb5 axb5 11. h4 Bxh6 12. Qxh6 e5 13. d5 Nd4 14. Qd2 b4 15. Nd1 c5 16. dxc6 Nxc6 17. Ne3 Be6 18. Nd5 Bxd5 19. exd5 Ne7 20. Ng3 Nexd5 21. Ne4 Nxe4 22. fxe4 Nf6 23. Bd3 d5 24. exd5 Qxd5 25. 0-0 Qd4+ 26. Qf2 Qxf2+ 27. Rxf2 Ng4 28. Re2 f5 29. a4 bxa3 30. bxa3 Rfd8 31. Bc4+ Kg7 32. a4 e4 33. Ree1 Rb4 34. Bf1 f4 35. a5 Ne3 36. Reb1 Rxb1 37. Rxb1 Ra8 38. a6 Kf6 39. Rb6+ Ke5 40. Bb5 Nd5 41. Rb7 Nc3 42. Rb6 Rd8 43. a7 Ra8 44. Rb7 Kd6 45. Be8 Ne2+ 46. Kf2 Nd4 47. Ba4 h5 48. Rb6+ Kc5 49. Ra6 e3+ 50. Ke1 Kb4 51. Bc6 Nxc6 52. Rxc6 Rxa7 53. Rxg6 Ra2 54. Rf6 Kc3 55. Rf8 Rxg2 56. Rxf4 Kd3 57. Kf1 Rh2 58. Kg1 e2 59. Kxh2 e1Q 60. Rf3+ Ke4 61. Rh3 Kf4 62. Kg2 Kg4 63. Rh1 Qe2+ 64. Kg1 Kg3 0-1

[Event "Regionalliga NW 0405"]
[Site "Bayern"]
[Date "2005.01.30"]
[Round "6.5"]
[White "Elzinger, Wilfried"]
[Black "Jusifow, Emil"]
[Result "1-0"]
[WhiteElo "1969"]
[BlackElo "1851"]
[PlyCount "85"]
[EventDate "2004.10.24"]
[EventType "team-tourn"]
[EventRounds "9"]
[EventCountry "GER"]
[SourceTitle "EXT 2007"]
[Source "ChessBase"]
[SourceDate "2006.11.23"]
[SourceVersion "1"]
[SourceVersionDate "2006.11.23"]
[SourceQuality "1"]
[WhiteTeam "Coburg"]
[BlackTeam "Hof"]
[WhiteTeamCountry "GER"]
[BlackTeamCountry "GER"]

1. d4 Nf6 2. Bf4 g6 3. Nd2 Bg7 4. e4 d6 5. c3 0-0 6. Be2 Nbd7 7. Be3 e5 8. d5 c6 9. c4 Qa5 10. Qb1 a6 11. f3 Nh5 12. g3 f5 13. b4 Qd8 14. Qb3 Kh8 15. a4 fxe4 16. fxe4 a5 17. Bxh5 gxh5 18. Ngf3 Nf6 19. 0-0 Ng4 20. bxa5 Nxe3 21. Qxe3 Qxa5 22. Ng5 Qc5 23. Rxf8+ Bxf8 24. Qxc5 dxc5 25. Nf7+ Kg8 26. Nxe5 Bg7 27. Ndf3 Bg4 28. Ra3 cxd5 29. exd5 Re8 30. Nxg4 hxg4 31. Ng5 Re1+ 32. Kf2 Rc1 33. Ne6 Be5 34. Rd3 Rxc4 35. d6 Bxd6 36. Rxd6 Rxa4 37. Rd7 Ra2+ 38. Ke3 Rxh2 39. Rg7+ Kh8 40. Rxg4 b6 41. Nf4 Rb2 42. Nd5 b5 43. Nf6 1-0

[Event "Regionalliga NW 0405"]
[Site "Bayern"]
[Date "2004.12.12"]
[Round "4.5"]
[White "Horther, Heinrich"]
[Black "Jusifow, Emil"]
[Result "1/2-1/2"]
[WhiteElo "2065"]
[BlackElo "1851"]
[PlyCount "66"]
[EventDate "2004.10.24"]
[EventType "team-tourn"]
[EventRounds "9"]
[EventCountry "GER"]
[SourceTitle "EXT 2007"]
[Source "ChessBase"]
[SourceDate "2006.11.23"]
[SourceVersion "1"]
[SourceVersionDate "2006.11.23"]
[SourceQuality "1"]
[WhiteTeam "Kronach"]
[BlackTeam "Hof"]
[WhiteTeamCountry "GER"]
[BlackTeamCountry "GER"]

1. e4 e5 2. Nf3 Nc6 3. Bb5 a6 4. Ba4 b5 5. Bb3 Na5 6. 0-0 Nxb3 7. axb3 Bb7 8. Re1 Nf6 9. Nxe5 Be7 10. d4 0-0 11. Bg5 Re8 12. c4 Nxe4 13. Bxe7 Rxe7 14. Nc3 Nxc3 15. bxc3 d6 16. Nd3 Rxe1+ 17. Nxe1 bxc4 18. bxc4 Qe8 19. Qg4 Qe4 20. Qxe4 Bxe4 21. f3 Bg6 22. Kf2 Kf8 23. Ke3 Ke7 24. Ra5 Kd7 25. Nd3 Bxd3 26. Kxd3 Rb8 27. Ke2 Re8+ 28. Kd2 Re6 29. Rxa6 Rh6 30. h3 Rg6 31. g4 Rh6 32. c5 Rxh3 33. cxd6 cxd6 1/2-1/2

[Event "Regionalliga NW 0304"]
[Site "Bayern"]
[Date "2004.03.28"]
[Round "8.6"]
[White "Jusifow, Emil"]
[Black "Gehlert, Klaus"]
[Result "0-1"]
[WhiteElo "1846"]
[BlackElo "2043"]
[PlyCount "63"]
[EventDate "2003.10.12"]
[EventType "team-tourn"]
[EventRounds "9"]
[EventCountry "GER"]
[SourceTitle "EXT 2006"]
[Source "ChessBase"]
[SourceDate "2005.11.24"]
[SourceVersion "1"]
[SourceVersionDate "2005.11.24"]
[SourceQuality "1"]
[WhiteTeam "Hof"]
[BlackTeam "Wuerzburg II"]
[WhiteTeamCountry "GER"]
[BlackTeamCountry "GER"]

1. d4 e6 2. Nf3 d5 3. Bg5 f6 4. Bh4 Ne7 5. e3 Nf5 6. Bd3 g6 7. 0-0 Bg7 8. Nbd2 Nxh4 9. Nxh4 e5 10. g3 Nc6 11. c4 Be6 12. cxd5 Bxd5 13. e4 Bf7 14. d5 Ne7 15. Bb5+ c6 16. dxc6 Nxc6 17. Nc4 0-0 18. Nd6 Be6 19. Bc4 Bxc4 20. Nxc4 Qe7 21. Ne3 Rad8 22. Qb3+ Kh8 23. Nd5 Qf7 24. Rac1 Bh6 25. f4 f5 26. Rcd1 Nd4 27. Qa4 fxe4 28. Nc3 e3 29. fxe5 e2 30. Rxf7 exd1Q+ 31. Nxd1 Rxf7 32. Nf2 0-1